|
|
|
|
| LEADER |
00000naa2a2200000 4500 |
| 001 |
121468 |
| 005 |
20240110142418.0 |
| 035 |
|
|
|a (RuTPU)RU\TPU\book\131546
|
| 090 |
|
|
|a 121468
|
| 100 |
|
|
|a 20070914d2006 k y0rusy50 ca
|
| 101 |
0 |
|
|a rus
|
| 102 |
|
|
|a RU
|
| 200 |
1 |
|
|a Особенности получения твёрдого электролита на основе ZrO2
|f А. Г. Мельников, Т. Ю. Саблина, С. Н. Кульков
|
| 320 |
|
|
|a Библиогр.: 3 назв.
|
| 463 |
|
0 |
|0 (RuTPU)RU\TPU\book\116869
|t Современные проблемы машиностроения
|o труды III Международной научно-технической конференции, Томск, 27-30 ноября 2006 г.
|f Томский политехнический университет
|v С. 211-214
|d 2006
|p 248 с.
|
| 610 |
1 |
|
|a электролиты
|
| 610 |
1 |
|
|a твёрдые электролиты
|
| 610 |
1 |
|
|a керамика
|
| 610 |
1 |
|
|a диоксид циркония
|
| 610 |
1 |
|
|a труды учёных ТПУ
|
| 700 |
|
1 |
|a Мельников
|b А. Г.
|c специалист в области материаловедения
|c доцент Томского политехнического университета, кандидат технических наук
|f 1954-
|g Александр Григорьевич
|3 (RuTPU)RU\TPU\pers\26546
|9 12235
|
| 701 |
|
1 |
|a Саблина
|b Т. Ю.
|
| 701 |
|
1 |
|a Кульков
|b С. Н.
|c специалист в области материаловедения
|c профессор Томского политехнического университета, доктор физико-математических наук
|f 1952-
|g Сергей Николаевич
|3 (RuTPU)RU\TPU\pers\28994
|
| 801 |
|
1 |
|a RU
|b 63413507
|c 20070914
|g PSBO
|
| 801 |
|
2 |
|a RU
|b 63413507
|c 20160526
|g RCR
|
| 942 |
|
|
|c BK
|